Obra completa / Enric Prat de la Riba ; a cura d'Albert Balcells i Josep Maria Ainaud de Lasarte
Descripción Física:
3 v. ; 24 cm
MARC
| LEADER | 00000nam a2200000Ia 4500 | ||
|---|---|---|---|
| 001 | 11986, 12468, 12469 | ||
| 008 | 160829s1998 xx 000 0 cat d | ||
| 080 | |a L-1-40, L-1-41, L-1-42 | ||
| 100 | |a Prat de la Riba, Enric, |d 1870-1917 |9 25299 | ||
| 245 | |a Obra completa / Enric Prat de la Riba ; a cura d'Albert Balcells i Josep Maria Ainaud de Lasarte | ||
| 260 | |a Barcelona : |b Institut d'Estudis Catalans : |b Proa, |c 1998 | ||
| 300 | |a 3 v. ; |c 24 cm | ||
| 590 | |a Conté: v. 1: 1887 - 1898; v. 2: 1898 - 1905; v. 3: 1906 - 1917. | ||
| 590 | |a Textos en català, castellà i francès | ||
| 600 | 1 | 0 | |a Prat de la Riba, Enric, |d 1870-1917 |x Crítica i interpretació |9 55230 |
| 650 | |a Catalunya |x Política i govern |x S. XIX/XX |9 31712 | ||
| 650 | 0 | |a Nacionalisme |z Catalunya |9 11008 | |
| 700 | |a Balcells, Albert |9 31713 | ||
| 700 | |a Ainaud de Lasarte, Josep M. |9 26980 | ||
| 710 | 2 | |a Institut d'Estudis Catalans |9 52284 | |
| 901 | |a Arxiu | ||
| 942 | |n 1 | ||
| 952 | |0 0 |1 0 |4 0 |6 L140_L141_L142 |7 1 |9 45733 |a Arxiu |b Arxiu |d 2016-12-01 |l 0 |o L-1-40, L-1-41, L-1-42 |p 11986, 12468, 12469 |r 2016-12-01 00:00:00 |w 2016-12-01 |y ARXIU | ||
| 999 | |c 49233 |d 49233 | ||